Statistics for Eurovision Song Lyrics - Sweden

Click here to take the quiz!

General Stats

  • This quiz has been taken 53 times
  • The average score is 217 of 284

Answer Stats

Answer% Correct
I
100%
a
98%
me
95%
the
95%
You
95%
you
95%
and
93%
And
93%
be
90%
to
90%
No,
88%
on
88%
we
88%
When
88%
Don't
86%
don't
86%
is
86%
like
83%
love
83%
this
83%
This
83%
go
81%
it,
81%
it
81%
It
81%
your
81%
wanna
79%
But
76%
my
76%
not
76%
tattoo
76%
want
76%
all
74%
All
74%
angels
74%
care
74%
crying
74%
know
74%
our
74%
there
74%
time
74%
You're
74%
about
71%
baby,
71%
end
71%
It's
71%
stuck
71%
will
71%
both
69%
I'll
69%
loved
69%
say
69%
stars
69%
Just
67%
playing
67%
thеre
67%
'Cause
64%
fire
64%
goodbye
64%
them
64%
again
62%
come
62%
day
62%
meet
62%
rain
62%
then
62%
Violins
62%
in
60%
through
60%
align
57%
get
57%
pain
57%
Until
57%
Whеn
57%
that
55%
way
55%
closer
52%
find
50%
walk
50%
got
48%
heart
48%
Oh,
45%
oh,
45%
oh
45%
friend
43%
hand
43%
I'm
43%
lose
43%
down
38%
letting
36%
cool
33%
hair
33%
taking
33%

Score Distribution

Percentile by Number Answered

Percent of People with Each Score

Your Score History

You have not taken this quiz